000 00584nam a2200205 a 4500
005 20140310183330.0
008 060822s19uu xx 00 eng d
020 _a1-4188-3953-1
050 _aQA 76.575
_b.C788 2006
100 _aCoorough, Calleen
245 _aMultimedia for the web:
_brevealed.
250 _aDeluxe Education Edition
260 _aU.S.A :
_bThomson Course Technology,
_c2006.
300 _a554 p. :
_bcol. ill. ;
_c19 x 24 cm.
521 _aIT
650 _aInteractive multimedia.
700 _aShuman, Jim
942 _cBK
_2lcc
_kFOR
999 _c21534
_d21534